LIBRO DEL AÑO 1993/

I tiakina i:
Ngā taipitopito rārangi puna kōrero
Hōputu: Pukapuka
I whakaputaina: KENTUCKY, E.U.A. : ENCYCLOPAEDIA BRITANNICA PUBLISHERS, 1993
Ngā marau:
Ngā Tūtohu: Tāpirihia he Tūtohu
Kāore He Tūtohu, Me noho koe te mea tuatahi ki te tūtohu i tēnei pūkete!

MARC

LEADER 00000nam^a2200000^a^4500
001 000220444
005 20250521000000.0
009 20260310103845.117
020 |a 1-56409-006-X 
035 |a 039251 
037 |a Acervo Xavier Clavigero 
082 |a 030. LIB 
245 1 0 |a LIBRO DEL AÑO 1993/  |c ED. SERGIO SARMIENTO 
264 1 |a KENTUCKY, E.U.A. :  |b ENCYCLOPAEDIA BRITANNICA PUBLISHERS,  |c 1993 
300 |a 415p. :  |b il., maps. 
336 |a texto  |b txt  |2 rdacontenido 
337 |a sin mediación  |b n  |2 rdamedio 
338 |a volumen  |b nc  |2 rdasoporte 
649 |a XX 
650 |a Enciclopedias y Diccionarios 
650 |a Anuarios 
650 |a SARMIENTO, SERGIO, ED. 
910 |a Fondo General 
920 |a Impresos - Libros 
930 |a Obras de Referencia 
905 |a 102 
901 |a 039251  |b IT2  |c REF  |i 039251  |u 20250521 
902 |a https://opac.biblio.iteso.mx/vufind/Record/000220444